Managing and measuring performance in public and nonprofit organizations, an integrated approach (Record no. 577351)

000 -LEADER
fixed length control field 00674nam a22002057a 4500
003 - CONTROL NUMBER IDENTIFIER
control field CEME
005 - DATE AND TIME OF LATEST TRANSACTION
control field 20210628204436.0
008 - FIXED-LENGTH DATA ELEMENTS--GENERAL INFORMATION
fixed length control field 210114b xxu||||| |||| 00| 0 eng d
020 ## - INTERNATIONAL STANDARD BOOK NUMBER
International Standard Book Number 9781118439050
040 ## - CATALOGING SOURCE
Transcribing agency .
082 ## - DEWEY DECIMAL CLASSIFICATION NUMBER
Classification number 658.4013 POI
100 ## - MAIN ENTRY--PERSONAL NAME
Personal name Poister, Theodore H
9 (RLIN) 21830
245 ## - TITLE STATEMENT
Title Managing and measuring performance in public and nonprofit organizations, an integrated approach
250 ## - EDITION STATEMENT
Edition statement 2ND
260 ## - PUBLICATION, DISTRIBUTION, ETC.
Place of publication, distribution, etc. USA
Name of publisher, distributor, etc. JOSSEY BASS
Date of publication, distribution, etc. 2015
300 ## - PHYSICAL DESCRIPTION
Extent XVI, 463P
650 ## - SUBJECT ADDED ENTRY--TOPICAL TERM
Topical term or geographic name entry element NONPROFIT ORGANIZATIONS.PUBLIC ADMINISTRATION.PERFORMANCE MEASUREMENT.PERFORMANCE MANAGEMENT
9 (RLIN) 70365
700 ## - ADDED ENTRY--PERSONAL NAME
Personal name ARISTIGUETA, MARIA P, HALL, JEREMY L
9 (RLIN) 70366
942 ## - ADDED ENTRY ELEMENTS (KOHA)
Koha item type Book
Source of classification or shelving scheme
Holdings
Withdrawn status Lost status Damaged status Not for loan Permanent Location Current Location Shelving location Date acquired Total Checkouts Full call number Barcode Date last seen Price effective from Koha item type
        College of Electrical & Mechanical Engineering (CEME) College of Electrical & Mechanical Engineering (CEME) General Stacks 02/17/2017   658.4013 POI CEME-47891 06/28/2021 06/28/2021 Book
© 2023 Central Library, National University of Sciences and Technology. All Rights Reserved.